000 01459nam0a22003251 4500
001 RU\INFOCOMM_317\NLR\5000022445
005 20250614080326.0
035 _a(NLR Aleph) 010598680
090 _a10529192
_c10529192
100 _a20130321d1982 |||y0rusy50 ca
101 0 _aeng
102 _aRU
105 _ay z||||
200 1 _aˆThe ‰infancy and youth of neutrino physics
_eSome recollections
_eSubmitted to the Intern. colloquium on particle physics (Paris, July 1982)
_fB. Pontecorvo
210 _aДубна
_cОбъед. ин-т ядер. исслед.
_d1982
215 _a18 с.
_d21 см
225 1 _aОбъединенный институт ядерных исследований, Дубна
_vЕ1,2-82-414
300 _aНа 3-й с. обл.: Детство и молодость физики нейтрино: Некоторые воспоминания / Понтекорво Б.
300 _aРез. на рус. яз.
320 _aБиблиогр.: с. 17-18
606 0 _aНейтрино
_xИстория исcледований
_2nlr_sh1
686 _aВ382.4г
_2rubbk
700 1 _9z01790
_aPontekorvo
_bB. M.
_f1913-1993
_gBruno Maksimovič
_3RU\NLR\AUTH\770273978
_4570
712 1 2 _aInternational colloquium on particle physics
_eParis
_f1982
_4570
790 1 _9z01700
_aPontecorvo
_bB.
_4070
801 1 _aRU
_bInfocomm
_c20130321
801 0 _aRU
_bINFOCOMM
_gPSBO
852 _aNLR
_jФз01 Д-4/1904
942 _cBOOK
980 _aNB